Determinants of participation in lifelong learning in Slovakia: analysis of microdata
Analýza účasti dospelých na rôznych typoch celoživotného vzdelávania v Slovenskej republike.
Saved in:
| Main Author: | |
|---|---|
| Other Authors: | , |
| Format: | Book Chapter |
| Language: | English |
| Subjects: | |
| Tags: |
No Tags, Be the first to tag this record!
|
MARC
| LEADER | 00000naa a2200000 4500 | ||
|---|---|---|---|
| 001 | 0180249 | ||
| 005 | 20240612122121.9 | ||
| 041 | 0 | |a eng | |
| 044 | |a SK | ||
| 245 | 1 | 0 | |a Determinants of participation in lifelong learning in Slovakia: analysis of microdata |c Martina Lubyová, Daniela Sivašová, Eva Sodomová |
| 520 | |a Analýza účasti dospelých na rôznych typoch celoživotného vzdelávania v Slovenskej republike. | ||
| 610 | 2 | 0 | |a analýza štatistická |
| 610 | 2 | 0 | |a zisťovanie štatistické |
| 610 | 2 | 0 | |a vzdelávanie celoživotné |
| 610 | 2 | 0 | |a porovnanie medzinárodné |
| 610 | 2 | 0 | |a dospelí |
| 100 | 1 | |a Lubyová, Martina | |
| 700 | 1 | |a Sivašová, Daniela, 1955- | |
| 700 | 1 | |a Sodomová, Eva | |